000 00299 a2200145 4500
001 180753
020 _a
040 _cMagnum
100 _aLa Fontaine
240 1 0 _aA vendedora de leite
_lpor
245 1 0 _aA vendedora de leite
362 0 _a1899
697 _aMAGNITO: I/FABULAS
942 _cBK
999 _c180753
_d180753